000 00692cam a2200229 4500500
005 20260329005357.0
041 _afre
042 _adc
100 1 0 _aDurand, Jean-Marie
_eauthor
245 0 0 _aCerveaux augmentés (humanité diminuée ?)
260 _c2023.
500 _a93
690 _aBande dessinée
690 _aCerveau
690 _aIntelligence Artificielle
690 _aMachine
690 _aMiguel Benasayag
690 _aNeurosciences
690 _aTranshumanisme
786 0 _nPhilosophie magazine | 170 | 6 | 2023-06-01 | p. 69-69 | 1951-1787
856 4 1 _uhttps://shs.cairn.info/magazine-philosophie-magazine-2023-6-page-69?lang=fr&redirect-ssocas=7080
999 _c1842818
_d1842818